000 00661nam a22002297a 4500
001 BD-DhSAU 6076
003 BD-DhSAU
005 20150502104059.0
008 150502b1993 ii a||||r|||| 000 0 eng d
020 _a8120410033
040 _aBD-DhSAU
082 _222
_a633.34095
_bSOY
245 _aSoyabean in Asia /
_cedited by Narong Chomchalow and Paisan Laosuwan.
260 _aNew Delhi :
_bOxford & IBH Publishing Co.,
_cc1993.
300 _a218 p. :
_bill. ;
_c24 cm.
590 _ajoy
650 _aSoyabean.
_zAsia.
650 _aStatistics.
700 _aChomchalow, Narong
700 _aLaosuwan, Paisan
710 _aFood and Agriculture Organization.
942 _2ddc
_cBOOK
999 _c6076
_d6076